000 00565nam a2200193Ia 4500
005 20250508163510.0
008 008 250505s9999 xx 000 0 hin d
037 _aDissertations
040 _aFEDL
_beng
_cFEDL
041 _ahin
_2eng
084 _a375.301, JAI/DI
_qFEDL
100 _aJain Kanchan
_9775469
245 0 _aVidyalayi shiksha me samajik sanchetna niti evam kiryanvayan
260 _c1994
300 _a130p.
546 _aM. Ed. Dissertation (Delhi University)
942 _cDIS
_h375.301, JAI/DI
999 _c1383712
_d1383712